000 00510nam a2200193Ia 4500
008 090123s9999 xx 000 0 und d
082 _b34964
100 _aओशो
245 _aस्वत:चा शोध
250 _a0
260 _bमेहता प्रकाशन
_c2003
300 _a182
600 _aओशो
630 _aस्वत:चा शोध
700 _aओशो
700 _aओक प्रज्ञा
730 _aस्वत:चा शोध
942 _cBOOK
999 _c73024
_d73024